• 首页
  • 本馆介绍
  • 公告通知
  • 最新文献
  • 馆藏检索
  • 电子资源
  • 读者导购
  • 参考咨询
  • 我的图书馆
  • 登录
  • 详细信息显示
  • 放入我的书架
  • 预约/预借图书
  • 作者相关作品
  • 分类相关作品
  • 丛书相关作品
  • 出版社相关作品

书目信息

  • 表格格式
  • 工作单格式
  • 卡片格式
题名:
刻印时代
    
 
作者: 肖东发 主编 ;孙鹏飞 编著
分册:  
出版信息: 北京   现代出版社  2014
页数: 164页
开本: 23cm
丛书名: 中华精神家园
单 册:
中图分类: TS8-092 , TS8
科图分类:
主题词: 古籍--图书史--中国--古代 , 印刷史--中国--古代
电子资源:
ISBN: 978-7-5143-3002-1
000 00995oam2 2200313 450
001 2350050473
005 20231128232409.69
010    @a978-7-5143-3002-1@dCNY29.80
100    @a20150601d2014 em y0chiy50 ea
101 0  @achi
102    @aCN@b110000
105    @aa z 000yy
200 1  @a刻印时代@Ake yin shi dai@e古籍历史与文化内涵@f肖东发主编@g孙鹏飞编著
210    @a北京@c现代出版社@d2014
215    @a164页@c图@d23cm
225 2  @@a中华精神家园@i千秋教化
330    @a本书主要指古籍生成与简牍文化。包括帛书、竹简、木简、竹牍、木牍、印石、拓印、雕板、活板等。
333    @a一般读者
410  0 @12001 @a中华精神家园
410  0 @12001 @a千秋教化
517 1  @a古籍历史与文化内涵@9gu ji li shi yu wen hua nei han
606 0  @a古籍@x图书史@y中国@z古代
606 0  @a印刷史@y中国@z古代
690    @aTS8-092@v5
690    @aTS8@v4
701  0 @a肖东发@Axiao dong fa@4主编
702  0 @a孙鹏飞@Asun peng fei@4编著
801  0 @aCN@b91MARC@c20150601
905    @aZUCC@dTS8@e14
    
    刻印时代:古籍历史与文化内涵/肖东发主编/孙鹏飞编著.-北京:现代出版社,2014
    164页:图;23cm.-(中华精神家园.千秋教化)
    使用对象:一般读者
    
    ISBN 978-7-5143-3002-1:CNY29.80
    本书主要指古籍生成与简牍文化。包括帛书、竹简、木简、竹牍、木牍、印石、拓印、雕板、活板等。
●
相关链接 在五车中查询图书 在当当中查询图书 在豆瓣中查询图书


正题名:刻印时代     索取号:TS8/14         预约/预借

序号 登录号 条形码 馆藏地/架位号 状态 备注
1 2000995205   2000995205   第四书库/四28架A面4层1列/ [索取号:TS8/14] 在馆    
2 2000995206   2000995206   第四书库/四28架A面4层1列/ [索取号:TS8/14] 在馆    
3 2000995207   2000995207   第四书库/四28架A面4层1列/ [索取号:TS8/14] 在馆    
4 2000995208   2000995208   第四书库/四28架A面4层1列/ [索取号:TS8/14] 在馆    
5 2000995209   2000995209   第四书库/四28架A面4层1列/ [索取号:TS8/14] 在馆    
6 2000995210   2000995210   第四书库/四28架A面4层1列/ [索取号:TS8/14] 在馆    
山东省滨州职业学院图书馆 欢迎您!
大连网信软件有限公司© 版权所有